AH International Schools' Libraries

Maisy's garden / (Record no. 48517)

MARC details
000 -LEADER
fixed length control field 00331nam a2200109 4500
100 ## - MAIN ENTRY--PERSONAL NAME
Personal name Cousins, Lucy,
Relator term author.
9 (RLIN) 55447
245 ## - TITLE STATEMENT
Title Maisy's garden /
Statement of responsibility, etc By Lucy Cousins.
260 ## - PUBLICATION, DISTRIBUTION, ETC. (IMPRINT)
Place of publication, distribution, etc Cambridge, Mass. :
Name of publisher, distributor, etc Candlewick Press,
Date of publication, distribution, etc 2001.
300 ## - PHYSICAL DESCRIPTION
Extent 1 v. (unpaged) :
Other physical details col. ill. ;
Dimensions 21 cm.
490 ## - SERIES STATEMENT
Series statement A Maisy sticker book
942 ## - ADDED ENTRY ELEMENTS (KOHA)
Source of classification or shelving scheme
Koha item type Book
Holdings
Withdrawn status Lost status Source of classification or shelving scheme Damaged status Not for loan Home library Current library Date acquired Total Checkouts Full call number Barcode Date last seen Date checked out Price effective from Koha item type
          Logos International School Logos International School 03/03/2025 1 E COU 040437 03/11/2026 03/04/2026 03/03/2025 Book

For any Logos Library related questions please contact Miss Art at swongnarasuk@asianhope.org.

For any Asian Hope Library related questions please contact Miss Raza at graza@asianhope.org.

Powered by Koha